Grammar in use : (Registro nro. 50883)

Detalles MARC
000 -LEADER
campo de control de longitud fija 05339cam a22007334i 4500
003 - IDENTIFICADOR DE NÚMERO DE CONTROL
campo de control PE-LiUPU
005 - FECHA Y HORA DE LA ÚLTIMA TRANSACCIÓN
campo de control 20250731175636.0
008 - DATOS DE LONGITUD FIJA--INFORMACIÓN GENERAL
campo de control de longitud fija 150706s2008 xxka r 000 0 spa d
020 ## - NÚMERO INTERNACIONAL ESTÁNDAR DEL LIBRO
Número Internacional Estándar del Libro 9780521625982
035 ## - NÚMERO DE CONTROL DEL SISTEMA
Número de control de sistema (Sirsi) i9780521625982
040 ## - FUENTE DE CATALOGACIÓN
Centro catalogador/agencia de origen PE-LiUPU
Lengua de catalogación spa
Centro/agencia transcriptor PE-LiUPU
Normas de descripción rda
049 ## - FONDOS LOCALES (OCLC)
Biblioteca depositaria PRUA
082 04 - NÚMERO DE LA CLASIFICACIÓN DECIMAL DEWEY
Número de clasificación 428.24
Cutter M95
Número de edición 21
082 04 - NÚMERO DE LA CLASIFICACIÓN DECIMAL DEWEY
Número de clasificación 428.24
Cutter M95 2000
100 1# - ENTRADA PRINCIPAL--NOMBRE DE PERSONA
Nombre de persona Murphy, Raymond,
Término indicativo de función/relación autor.
245 10 - MENCIÓN DEL TÍTULO
Título Grammar in use :
Resto del título intermediate with answers /
Mención de responsabilidad, etc. Raymond Murphy with William R. Smalzer.
250 ## - MENCION DE EDICION
Mención de edición 2a edición.
264 #1 - PRODUCCIÓN, PUBLICACIÓN, DISTRIBUCIÓN, FABRICACIÓN Y COPYRIGHT
Producción, publicación, distribución, fabricación y copyright New York :
Nombre del de productor, editor, distribuidor, fabricante Cambridge University Press,
Fecha de producción, publicación, distribución, fabricación o copyright 2008.
300 ## - DESCRIPCIÓN FÍSICA
Extensión 341 páginas :
Otras características físicas ilustraciones ;
Dimensiones 26 centímetros
300 ## - DESCRIPCIÓN FÍSICA
Extensión CD-ROM (4)
336 ## - TIPO DE CONTENIDO
Término de tipo de contenido text
Fuente rdacontent
337 ## - TIPO DE MEDIO
Nombre/término del tipo de medio unmediated
Fuente rdamedia
338 ## - TIPO DE SOPORTE
Nombre/término del tipo de soporte volume
Fuente rdacarrier
505 0# - NOTA DE CONTENIDO CON FORMATO
Nota de contenido con formato Present and Past -- Present perfect and past -- Future -- Modals -- Conditionals and "wish" -- Passive -- Reported speech -- Questions and auxiliary verbs -- ing and the Infinitive -- Articles and nouns -- Pronouns and determiners -- Relative clauses -- Adjectives and adverbs -- Conjunctions and prepositions -- Prepositions -- Phrasal Verbs.
526 ## - NOTA DE INFORMACIÓN SOBRE EL PROGRAMA DE ESTUDIO
Nombre del programa Comunicación Y Periodismo
526 ## - NOTA DE INFORMACIÓN SOBRE EL PROGRAMA DE ESTUDIO
Nombre del programa Educación, Especialidad Inglés Y Español (A Distancia)
526 ## - NOTA DE INFORMACIÓN SOBRE EL PROGRAMA DE ESTUDIO
Nombre del programa Educación, Especialidad Inglés Y Español
526 ## - NOTA DE INFORMACIÓN SOBRE EL PROGRAMA DE ESTUDIO
Nombre del programa Teología
526 ## - NOTA DE INFORMACIÓN SOBRE EL PROGRAMA DE ESTUDIO
Nombre del programa Educación secundaria, especialidad lingüística e inglés
526 ## - NOTA DE INFORMACIÓN SOBRE EL PROGRAMA DE ESTUDIO
Nombre del programa Ciencias de la comunicación
541 ## - NOTA DE FUENTE DE ADQUISICIÓN DIRECTA
-- 002-0042777;
541 ## - NOTA DE FUENTE DE ADQUISICIÓN DIRECTA
-- 016-0016272;
541 ## - NOTA DE FUENTE DE ADQUISICIÓN DIRECTA
-- 016-0016272;
541 ## - NOTA DE FUENTE DE ADQUISICIÓN DIRECTA
-- 016-0015648;
596 ## -
-- 1 3
650 04 - PUNTO DE ACCESO ADICIONAL DE MATERIA--TÉRMINO DE MATERIA
Término de materia o nombre geográfico como elemento de entrada Inglés
Subdivisión general Autoaprendizaje.
650 04 - PUNTO DE ACCESO ADICIONAL DE MATERIA--TÉRMINO DE MATERIA
Término de materia o nombre geográfico como elemento de entrada Inglés
Subdivisión general Gramática
Subdivisión de forma Problemas, ejercicios, etc.
650 04 - PUNTO DE ACCESO ADICIONAL DE MATERIA--TÉRMINO DE MATERIA
Término de materia o nombre geográfico como elemento de entrada Inglés
Subdivisión general Manual para extranjeros.
700 1# - ENTRADA AGREGADA--NOMBRE PERSONAL
Nombre de persona Smalzer, William R.,
Término indicativo de función/relación autor.
910 ## - DATOS DE OPCIÓN DEL USUARIO (OCLC)
-- jck
-- jvm
-- 20100525
942 ## - ELEMENTOS DE ENTRADA SECUNDARIOS (KOHA)
Fuente del sistema de clasificación o colocación Clasificación Decimal Dewey
Tipo de ítem Koha
949 ## - PROCESAMIENTO DE INFORMACIÓN LOCAL (OCLC)
a 428.24 M95
w DEWEY
c 1
i 63214
d 2016-10-23
e 2016-10-23
l CCODEBUL1
m BUL
n 4
p 50.00
r 0
s Y
t BOOK
u 2015-7-6
x EDUCACION
-- P20
0 COMPRA
o .STAFF. Colección General
949 ## - PROCESAMIENTO DE INFORMACIÓN LOCAL (OCLC)
a 428.24 M95I
w DEWEY
c 2
i 61711
d 2015-10-12
e 2015-10-11
l CCODEBUL1
m BUL
n 1
p 36.00
r 0
s Y
t BOOK
u 2015-7-6
x EDUCACION
-- P20
0 COMPRA
o .STAFF. Colección General
949 ## - PROCESAMIENTO DE INFORMACIÓN LOCAL (OCLC)
a 428.24 M95I
w DEWEY
c 3
i 62164
d 2015-12-3
e 2015-12-1
l CCODEBUL1
m BUL
n 4
p 19.00
r 0
s Y
t BOOK
u 2015-7-6
x EDUCACION
-- P20
0 COMPRA
o .STAFF. Colección General
949 ## - PROCESAMIENTO DE INFORMACIÓN LOCAL (OCLC)
a 428.24 M95I
w DEWEY
c 4
i 62165
d 2016-11-3
e 2016-11-3
l CCODEBUL1
m BUL
n 7
p 19.00
r 0
s Y
t BOOK
u 2015-7-6
x EDUCACION
-- P20
0 COMPRA
o .STAFF. Colección General
949 ## - PROCESAMIENTO DE INFORMACIÓN LOCAL (OCLC)
a 428.24 M95 2000
w DEWEY
c 1
i FJ05465
l CCODEBUJ1
m BUJ
p 6.90
r 0
s Y
t BOOK
u 2018-02-07
x EDUCACIÓN
-- P14
0 COMPRA
o .STAFF. Colección General Juliaca
949 ## - PROCESAMIENTO DE INFORMACIÓN LOCAL (OCLC)
a 428.24 M95 2000
w DEWEY
c 2
i FJ05466
l CCODEBUJ1
m BUJ
p 6.90
r 0
s Y
t BOOK
u 2018-02-07
x EDUCACIÓN
-- P14
0 COMPRA
o .STAFF. Colección General Juliaca
949 ## - PROCESAMIENTO DE INFORMACIÓN LOCAL (OCLC)
a 428.24 M95 2000
w DEWEY
c 3
i FJ05467
l CCODEBUJ1
m BUJ
p 6.90
r 0
s Y
t BOOK
u 2018-02-07
x EDUCACIÓN
-- P14
0 COMPRA
o .STAFF. Colección General Juliaca
949 ## - PROCESAMIENTO DE INFORMACIÓN LOCAL (OCLC)
a 428.24 M95 2000
w DEWEY
c 4
i FJ05505
l CCODEBUJ1
m BUJ
p 6.90
r 0
s Y
t BOOK
u 2018-02-07
x EDUCACIÓN
-- P14
0 COMPRA
o .STAFF. Colección General Juliaca
949 ## - PROCESAMIENTO DE INFORMACIÓN LOCAL (OCLC)
a 428.24 M95 2000
w DEWEY
c 5
i FJ05506
l CCODEBUJ1
m BUJ
p 6.90
r 0
s Y
t BOOK
u 2018-02-07
x EDUCACIÓN
-- P14
0 COMPRA
o .STAFF. Colección General Juliaca
994 ## -
-- C0
-- PEPRU
999 ## - NÚMEROS DE CONTROL DE SISTEMA (KOHA)
-- DEWEY
-- 63214
-- 2019-6-6
-- 2021-11-5
-- 5
-- CCODEBUL1
-- BUL
-- 6
-- 50.00
-- 5
-- 0
-- Y
-- BOOK
-- 2015-7-6
-- BIBLIOTECA
-- P20
-- COMPRA
-- .STAFF. Colección General
999 ## - NÚMEROS DE CONTROL DE SISTEMA (KOHA)
-- DEWEY
-- 61711
-- 2015-10-11
-- 2021-11-5
-- 5
-- CCODEBUL1
-- BUL
-- 1
-- 36.00
-- 0
-- Y
-- BOOK
-- 2015-7-6
-- BIBLIOTECA
-- P20
-- COMPRA
-- .STAFF. Colección General
999 ## - NÚMEROS DE CONTROL DE SISTEMA (KOHA)
-- DEWEY
-- 62164
-- 2015-12-1
-- 2021-11-8
-- 5
-- CCODEBUL1
-- BUL
-- 4
-- 19.00
-- 0
-- Y
-- BOOK
-- 2015-7-6
-- EDUCACION
-- P20
-- COMPRA
-- .STAFF. Colección General
999 ## - NÚMEROS DE CONTROL DE SISTEMA (KOHA)
-- DEWEY
-- 62165
-- 2019-1-21
-- 2021-11-8
-- 5
-- CCODEBUL1
-- BUL
-- 8
-- 19.00
-- 1
-- 0
-- Y
-- BOOK
-- 2015-7-6
-- EDUCACION
-- P20
-- COMPRA
-- .STAFF. Colección General
999 ## - NÚMEROS DE CONTROL DE SISTEMA (KOHA)
-- DEWEY
-- FJ05465
-- 2017-11-3
-- 2022-1-19
-- 2
-- CCODEBUJ1
-- BUJ
-- 1
-- 6.90
-- 5
-- 0
-- Y
-- BOOK
-- 2017-1-17
-- BIBLIOTECA
-- UNKNOWN
-- COMPRA
-- .STAFF. Colección General Juliaca
999 ## - NÚMEROS DE CONTROL DE SISTEMA (KOHA)
-- DEWEY
-- FJ05466
-- 2022-5-17
-- 2022-1-19
-- 3
-- CCODEBUJ1
-- BUJ
-- 1
-- 6.90
-- 0
-- Y
-- BOOK
-- 2017-1-17
-- BIBLIOTECA
-- UNKNOWN
-- COMPRA
-- .STAFF. Colección General Juliaca
999 ## - NÚMEROS DE CONTROL DE SISTEMA (KOHA)
-- DEWEY
-- FJ05467
-- 2017-10-31
-- 2022-1-19
-- 3
-- CCODEBUJ1
-- BUJ
-- 1
-- 6.90
-- 5
-- 0
-- Y
-- BOOK
-- 2017-1-17
-- BIBLIOTECA
-- UNKNOWN
-- COMPRA
-- .STAFF. Colección General Juliaca
999 ## - NÚMEROS DE CONTROL DE SISTEMA (KOHA)
-- DEWEY
-- FJ05505
-- 2022-1-19
-- 4
-- CCODEBUJ1
-- BUJ
-- 6.90
-- 0
-- Y
-- BOOK
-- 2017-1-17
-- EDUCACION
-- P14
-- COMPRA
-- .STAFF. Colección General Juliaca
999 ## - NÚMEROS DE CONTROL DE SISTEMA (KOHA)
-- DEWEY
-- FJ05506
-- 2017-5-22
-- 2022-1-19
-- 4
-- CCODEBUJ1
-- BUJ
-- 1
-- 6.90
-- 3
-- 0
-- Y
-- BOOK
-- 2017-1-17
-- BIBLIOTECA
-- UNKNOWN
-- COMPRA
-- .STAFF. Colección General Juliaca
980 ## - EQUIVALENCIA O REFERENCIA-CRUZADA-MENCIÓN DE SERIE--NOMBRE DE PERSONA/TÍTULO [LOCAL, CANADÁ]
ID del último usuario que modificó el registro 1
Nombre del último usuario que modificó el registro ALBERTO SANCHEZ Responsable de Automatización
Existencias
Visto por última vez Número de inventario Total de préstamos Signatura topográfica completa Código de barras Fecha del último préstamo Copia número Coste, precio de reemplazo Fecha de reemplazo Facultad Tipo de ítem Koha Nota pública Estado de pérdida Fuente del sistema de clasificación o colocación Restricciones de uso No para préstamo Colección Programa académico Biblioteca de origen Biblioteca actual Ubicación en estantería Fecha de adquisición Fuente de adquisición Coste, precio normal de compra
2026-03-25 6 8 428.24 M95 63214 2026-03-24 e1 55.00 2015-07-06 FACIHED Libros físicos inventario-2023-12-13 No Perdido Clasificación Decimal Dewey No restringido Disponible para préstamos Colección General Educación primaria Biblioteca CRAI UPeU Lima Biblioteca CRAI UPeU Lima Sala principal 2015-07-06 COMPRA 50.00
2025-12-02 6 2 428.24 M95I 61711 2022-10-26 e2 41.00 2015-07-06 FACIHED Libros físicos inventario-2023-12-13 No Perdido Clasificación Decimal Dewey No restringido Disponible para préstamos Colección General Educación primaria Biblioteca CRAI UPeU Lima Biblioteca CRAI UPeU Lima Sala principal 2015-07-06 COMPRA 36.00
2026-04-16 6 6 428.24 M95I 62164 2026-04-13 e3 24.00 2015-07-06 FACIHED Libros físicos inventario-2023-12-13 No Perdido Clasificación Decimal Dewey No restringido Disponible para préstamos Colección General Educación primaria Biblioteca CRAI UPeU Lima Biblioteca CRAI UPeU Lima Sala principal 2015-07-06 COMPRA 19.00
2025-12-02 6 8 428.24 M95I 62165 2019-01-21 e4 24.00 2015-07-06 FACIHED Libros físicos inventario-2023-12-13 No Perdido Clasificación Decimal Dewey No restringido Disponible para préstamos Colección General Educación primaria Biblioteca CRAI UPeU Lima Biblioteca CRAI UPeU Lima Sala principal 2015-07-06 COMPRA 19.00